000 00443nam a2200181Ia 4500
001 3458
005 20260306145645.0
008 260306t2018||||xx |||||||||||||| ||spa||
041 _aESP
082 _a279.4
_bH71
100 _aHolland, Tom
_eAUT
245 0 _aMilenio:
_bel fin del mundo y el origen de la cristiandad
260 _c2018
300 _a525 páginas :
_c24 cm.
650 _aGEN
654 _aCHU
942 _cLIB
_dJUS
_fJUS
_2ddc
_n
999 _c3458
_d3458